000
00319nam a2200109Ia 4500
008
200302s9999 xx 000 0 und d
100
_a
K G Krishnamurthy and S V Ravindra
245
_a
Construction and Project Management 2nd ed.
260
_b
CBS Publishers and Distributors Pvt. Ltd
260
_c
2017
300
_a
410 P.,
999
_c
4994
_d
4994